| 000 | 01309nas a2200277 a 4500 | ||
|---|---|---|---|
| 005 | 20250415094122.0 | ||
| 007 | ta | ||
| 008 | 250129e2013 dr m||p|r||||||0| 0 spa d | ||
| 040 |
_aDO-SdBNP _cDO-SdBNP _erda |
||
| 041 | _hspa | ||
| 245 |
_aGas Energía & Minas / _cRevista Gem, |
||
| 264 |
_aSanto Domingo, República Dominicana : _bRevista Gem, _c2013. |
||
| 300 |
_aVolumen : _bilustraciones, fotografías ; _c27 cm. |
||
| 310 | _aMensual. | ||
| 336 |
_atexto _btxt _2rdacontent |
||
| 337 |
_asin mediacion _bn _2rdamedia |
||
| 338 |
_avolumen _bnc _2rdacarrier |
||
| 362 | _aAño 1. No. 1. Diciembre 2013. | ||
| 500 | _aDonado por: George Latourde. | ||
| 520 | _aEn este proyecto que emprendemos esperamos contribuir de manera activa a la consolidación de una plataforma de consulta, de debate y para el desarrollo de los pueblos de América Latina y el Caribe en materia energética y minera. | ||
| 650 | 0 |
_aGas licuado de petróleo _955819 _vPublicaciones periódicas _zRepública Dominicana |
|
| 650 | 0 |
_aEnergía eléctrica _945629 _vPublicaciones periódicas _zRepública Dominicana |
|
| 650 | 0 |
_aMinas _930352 _vPublicaciones periódicas _zRepública Dominicana |
|
| 650 | 0 |
_aConservación del medio ambiente _zRepública Dominicana _979518 _vPublicaciones periódicas |
|
| 942 |
_2ddc _cISSUE |
||
| 999 |
_c58095 _d58095 |
||